LEADER 01847nam 2200469I 450 001 9910706220503321 005 20171030143527.0 035 $a(CKB)5470000002456235 035 $a(OCoLC)1008591688 035 $a(EXLCZ)995470000002456235 100 $a20171030j200001 ua 0 101 0 $aeng 135 $aurbn||||||||| 181 $ctxt$2rdacontent 182 $cc$2rdamedia 183 $acr$2rdacarrier 200 10$aExperimental and numerical investigation of losses in low-pressure turbine blade rows /$fDaniel J. Dorney [and three others] 210 1$aCleveland, Ohio :$cNational Aeronautics and Space Administration, Glenn Research Center,$dJanuary 2000. 215 $a1 online resource (13 pages) $cillustrations 225 1 $aNASA/TM ;$v2000-209910 300 $a"January 2000." 300 $a"Prepared for the 38th Aerospace Sciences Meeting and Exhibit sponsored by the American Institute of Aeronautics and Astronautics, Reno, Nevada, January 10-13, 2000." 300 $a"Performing organization: National Aeronautics and Space Administration, John H. Glenn Research Center at Lewis Field"--Report documentation page. 320 $aIncludes bibliographical references (pages 6-8). 606 $aTurbine blades$2nasat 606 $aLosses$2nasat 606 $aAircraft wakes$2nasat 606 $aLow pressure$2nasat 606 $aTurbomachinery$2nasat 615 7$aTurbine blades. 615 7$aLosses. 615 7$aAircraft wakes. 615 7$aLow pressure. 615 7$aTurbomachinery. 700 $aDorney$b Daniel J.$f1962-$01395492 712 02$aNASA Glenn Research Center, 801 0$bGPO 801 1$bGPO 906 $aBOOK 912 $a9910706220503321 996 $aExperimental and numerical investigation of losses in low-pressure turbine blade rows$93454099 997 $aUNINA LEADER 01487nas 2200445-a 450 001 9910389255003321 005 20240413025545.0 035 $a(CKB)991042728779892 035 $a(CONSER)---85643705- 035 $a(EXLCZ)99991042728779892 100 $a20770214a19719999 -b- a 101 0 $aeng 181 $ctxt$2rdacontent 182 $cc$2rdamedia 183 $acr$2rdacarrier 200 10$aOntario Labour Relations Board reports 210 $a[Toronto, Ont.] $cThe Board 215 $a1 online resource 300 $a"A monthly series of decisions from the Ontario Labour Relations Board." 300 $aIndex published separately. 311 08$aPrint version: Ontario Labour Relations Board reports. 0383-4778 (DLC) 85643705 (OCoLC)2738126 517 1 $aDecisions 517 1 $aMonthly report 606 $aLabor laws and legislation$zOntario$vCases 606 $aLabor disputes$zOntario$vCases 606 $aLabor disputes$2fast$3(OCoLC)fst00989929 606 $aLabor laws and legislation$2fast$3(OCoLC)fst00989967 607 $aOntario$2fast 608 $aTrials, litigation, etc.$2fast 615 0$aLabor laws and legislation 615 0$aLabor disputes 615 7$aLabor disputes. 615 7$aLabor laws and legislation. 676 $a344.713/01 676 $a347.13041 906 $aJOURNAL 912 $a9910389255003321 920 $aexl_impl conversion 996 $aOntario Labour Relations Board reports$92069762 997 $aUNINA